000
00309nam a2200133Ia 4500
005
20251222152724.0
008
251222s9999||||xx |||||||||||||| ||spa||
082
_a
892.73/R93
100
_a
Ruiz Bravo, Carmen
245
0
_a
Yamil y Yamila
250
_a
1ra. ed.
264
_b
Escuela EspaƱola
942
_c
LIB
999
_c
29688
_d
29688